00680nam a2200121Ia 4500008004100000100002900041245009500070245022400165260004700389260000900436650002200445856009100467160809s9999 xx 000 0 und d aDr. Stampoltzis, Aglaia. aTHE LEARNING EXPERIENCES OF STUDENTS WITH DYSLEXIA IN A GREEK HIGHER EDUCATION INSTITUTION cDr. Aglaia Stampoltzis Special Education Teacher Department of Pedagogical Studies ASPETE Elisavet Tsitsou Primary School Teacher Helen Plesti Headteacher Rani Kalouri Professor Department of Pedagogical Studies ASPETE. bInternational Journal of Special Education c2015 xSPECIAL EDUCATION uhttp://www.internationaljournalofspecialed.com/docs/IJSE%20ENTIRE%20ISSUE%2030%202.pdf